<?xml version="1.0" encoding="UTF-8"?>
<record
    xmlns:xsi="http://www.w3.org/2001/XMLSchema-instance"
    xsi:schemaLocation="http://www.loc.gov/MARC21/slim http://www.loc.gov/standards/marcxml/schema/MARC21slim.xsd"
    xmlns="http://www.loc.gov/MARC21/slim">

  <leader>01020cam a22002538a 4500</leader>
  <controlfield tag="001">13538483</controlfield>
  <controlfield tag="005">20210414113943.0</controlfield>
  <controlfield tag="008">040326s2004    nyu      b    001 0 eng  </controlfield>
  <datafield tag="020" ind1=" " ind2=" ">
    <subfield code="a">0273676458</subfield>
  </datafield>
  <datafield tag="040" ind1=" " ind2=" ">
    <subfield code="a">DLC</subfield>
    <subfield code="c">DLC</subfield>
  </datafield>
  <datafield tag="050" ind1="0" ind2="0">
    <subfield code="a">HF5415.123.P53</subfield>
    <subfield code="b"> </subfield>
  </datafield>
  <datafield tag="100" ind1="1" ind2=" ">
    <subfield code="a">Pickton, David.</subfield>
  </datafield>
  <datafield tag="245" ind1="1" ind2="0">
    <subfield code="a">Integrated marketing communications. /</subfield>
    <subfield code="c">David Pickton, Amanda Broderick.</subfield>
  </datafield>
  <datafield tag="250" ind1=" " ind2=" ">
    <subfield code="a">2nd ed.</subfield>
  </datafield>
  <datafield tag="260" ind1=" " ind2=" ">
    <subfield code="a">Upper Saddle River, N.J. :</subfield>
    <subfield code="b">Prentice Hall Fiancial Times,</subfield>
    <subfield code="c">2004.</subfield>
  </datafield>
  <datafield tag="263" ind1=" " ind2=" ">
    <subfield code="a">0405</subfield>
  </datafield>
  <datafield tag="300" ind1=" " ind2=" ">
    <subfield code="a">xxii,761 p.:</subfield>
    <subfield code="b">ill;</subfield>
    <subfield code="c">24cm.</subfield>
  </datafield>
  <datafield tag="504" ind1=" " ind2=" ">
    <subfield code="a">Includes bibliographical references and index.</subfield>
  </datafield>
  <datafield tag="505" ind1=" " ind2=" ">
    <subfield code="a">Contents: Introduction to integrated marketing communications -- The Integrated marketing communications process -- Managing integrated marketing communications planning -- The Integrated marketing communications mix.</subfield>
  </datafield>
  <datafield tag="650" ind1=" " ind2="0">
    <subfield code="a">Communication in marketing.</subfield>
  </datafield>
  <datafield tag="700" ind1="1" ind2=" ">
    <subfield code="a">Broderick, Amanda.</subfield>
  </datafield>
  <datafield tag="942" ind1=" " ind2=" ">
    <subfield code="2">lcc</subfield>
    <subfield code="c">BK</subfield>
  </datafield>
  <datafield tag="999" ind1=" " ind2=" ">
    <subfield code="c">957</subfield>
    <subfield code="d">8457</subfield>
  </datafield>
  <datafield tag="952" ind1=" " ind2=" ">
    <subfield code="0">0</subfield>
    <subfield code="1">0</subfield>
    <subfield code="2">lcc</subfield>
    <subfield code="4">0</subfield>
    <subfield code="7">0</subfield>
    <subfield code="a">WIUC-1</subfield>
    <subfield code="b">WIUC-1</subfield>
    <subfield code="c">GEN</subfield>
    <subfield code="d">2012-05-23</subfield>
    <subfield code="l">0</subfield>
    <subfield code="o">HF5415.123.P53</subfield>
    <subfield code="p">2274/12</subfield>
    <subfield code="r">2012-05-23 00:00:00</subfield>
    <subfield code="t">1</subfield>
    <subfield code="w">2012-05-23</subfield>
    <subfield code="y">BK</subfield>
  </datafield>
  <datafield tag="952" ind1=" " ind2=" ">
    <subfield code="0">0</subfield>
    <subfield code="1">0</subfield>
    <subfield code="2">lcc</subfield>
    <subfield code="4">0</subfield>
    <subfield code="7">0</subfield>
    <subfield code="a">WIUC-1</subfield>
    <subfield code="b">WIUC-1</subfield>
    <subfield code="c">GEN</subfield>
    <subfield code="d">2012-05-23</subfield>
    <subfield code="l">0</subfield>
    <subfield code="o">HF5415.123.P531</subfield>
    <subfield code="p">2275/12</subfield>
    <subfield code="r">2012-05-23 00:00:00</subfield>
    <subfield code="t">2</subfield>
    <subfield code="w">2012-05-23</subfield>
    <subfield code="y">BK</subfield>
  </datafield>
  <datafield tag="952" ind1=" " ind2=" ">
    <subfield code="0">0</subfield>
    <subfield code="1">0</subfield>
    <subfield code="2">lcc</subfield>
    <subfield code="4">0</subfield>
    <subfield code="7">0</subfield>
    <subfield code="a">WIUC-1</subfield>
    <subfield code="b">WIUC-1</subfield>
    <subfield code="c">GEN</subfield>
    <subfield code="d">2012-05-23</subfield>
    <subfield code="l">0</subfield>
    <subfield code="o">HF5415.123.P532</subfield>
    <subfield code="p">2276/12</subfield>
    <subfield code="r">2012-05-23 00:00:00</subfield>
    <subfield code="t">3</subfield>
    <subfield code="w">2012-05-23</subfield>
    <subfield code="y">BK</subfield>
  </datafield>
  <datafield tag="952" ind1=" " ind2=" ">
    <subfield code="0">0</subfield>
    <subfield code="1">0</subfield>
    <subfield code="2">lcc</subfield>
    <subfield code="4">0</subfield>
    <subfield code="7">0</subfield>
    <subfield code="a">WIUC-1</subfield>
    <subfield code="b">WIUC-1</subfield>
    <subfield code="c">GEN</subfield>
    <subfield code="d">2012-05-23</subfield>
    <subfield code="l">0</subfield>
    <subfield code="o">HF5415.123.P533</subfield>
    <subfield code="p">2277/12</subfield>
    <subfield code="r">2012-05-23 00:00:00</subfield>
    <subfield code="t">4</subfield>
    <subfield code="w">2012-05-23</subfield>
    <subfield code="y">BK</subfield>
  </datafield>
  <datafield tag="952" ind1=" " ind2=" ">
    <subfield code="0">0</subfield>
    <subfield code="1">0</subfield>
    <subfield code="2">lcc</subfield>
    <subfield code="4">0</subfield>
    <subfield code="7">0</subfield>
    <subfield code="a">WIUC-1</subfield>
    <subfield code="b">WIUC-1</subfield>
    <subfield code="c">GEN</subfield>
    <subfield code="d">2012-05-23</subfield>
    <subfield code="l">0</subfield>
    <subfield code="o">HF5415.123.P534</subfield>
    <subfield code="p">2278/12</subfield>
    <subfield code="r">2012-05-23 00:00:00</subfield>
    <subfield code="t">5</subfield>
    <subfield code="w">2012-05-23</subfield>
    <subfield code="y">BK</subfield>
  </datafield>
  <datafield tag="952" ind1=" " ind2=" ">
    <subfield code="0">0</subfield>
    <subfield code="1">0</subfield>
    <subfield code="2">lcc</subfield>
    <subfield code="4">0</subfield>
    <subfield code="7">0</subfield>
    <subfield code="a">WIUC-1</subfield>
    <subfield code="b">WIUC-1</subfield>
    <subfield code="c">GEN</subfield>
    <subfield code="d">2012-05-23</subfield>
    <subfield code="l">0</subfield>
    <subfield code="o">HF5415.123.P535</subfield>
    <subfield code="p">2279/12</subfield>
    <subfield code="r">2012-05-23 00:00:00</subfield>
    <subfield code="t">6</subfield>
    <subfield code="w">2012-05-23</subfield>
    <subfield code="y">BK</subfield>
  </datafield>
</record>
